| 000 | 00971nam a22002777a 4500 | ||
|---|---|---|---|
| 003 | OSt | ||
| 005 | 20240820104711.0 | ||
| 008 | 240820b |||||||| |||| 00| 0 eng d | ||
| 020 | _a9789966031341 | ||
| 040 |
_aMMU _beng _cMMU _eMMU |
||
| 042 |
_alcode _apcc |
||
| 043 | _af------ | ||
| 050 | 0 | 0 | _aKQC99 .O59 2013 |
| 100 | 1 |
_aOnyoyo, Peter Onyango, _d1965- _91319 |
|
| 245 | 1 | 0 |
_aAfrican customary law : _ban introduction / _cDr. Peter Onyango (Dip, BA, Lic, PhD).. |
| 264 | 1 |
_aNairobi, Kenya : _bLawAfrica Publishing (K) Ltd., _c[2013] |
|
| 300 |
_axxii, 182 pages ; _c21 cm |
||
| 336 |
_atext _2rdacontent |
||
| 337 |
_aunmediated _2rdamedia |
||
| 338 |
_avolume _2rdacarrier |
||
| 504 | _aIncludes bibliographical references (pages175-182). | ||
| 650 | 0 |
_aCustomary law _zAfrica. _91320 |
|
| 856 | 4 | 1 |
_3Table of contents only _uhttp://www.loc.gov/catdir/toc/fy15pdf01/2013441122.html |
| 942 |
_2lcc _cLOAN LOAN |
||
| 999 |
_c32895 _d32892 |
||